[Event "EU-chT Seniors 65"]
[Site "Terme Catez"]
[Date "2024.05.09"]
[Round "3.3"]
[White "Bachmann, Andreas"]
[Black "Hedin, Gunnar"]
[Result "0-1"]
[WhiteElo "2198"]
[BlackElo "2064"]
[PlyCount "82"]
[EventDate "2024.05.07"]
[EventType "team-swiss"]
[EventRounds "9"]
[EventCountry "SLO"]
[SourceTitle "CBM 220 Extra"]
[Source "ChessBase"]
[SourceDate "2024.07.31"]
[SourceVersion "1"]
[SourceVersionDate "2024.07.31"]
[SourceQuality "1"]
[WhiteTeam "Germany Kreuzberg 65"]
[BlackTeam "Sweden 65 II"]
[WhiteTeamCountry "GER"]
[BlackTeamCountry "SWE"]

1. d4 e6 2. g3 f5 3. Bg2 Nf6 4. Nf3 Be7 5. c4 0-0 6. 0-0 Ne4 7. Nbd2 Bf6 8. Qc2 d5 9. b3 Nc6 10. Bb2 a5 11. cxd5 exd5 12. a3 Qe7 13. Rac1 Bd7 14. Ne5 Be8 15. Nxe4 fxe4 16. Qc5 Qe6 17. f3 Be7 18. Qc3 Nxe5 19. dxe5 c5 20. fxe4 d4 21. Qc4 Rxf1+ 22. Kxf1 Qxc4 23. bxc4 Bg5 24. Rb1 Bc6 25. Bc1 Rf8+ 26. Ke1 Bxc1 27. Rxc1 Kf7 28. Bh3 Bxe4 29. Kf2 Ke7+ 30. Kg1 h5 31. Ra1 g5 32. Ra2 g4 33. Bg2 Bxg2 34. Kxg2 Ke6 35. Rb2 Rf7 36. Rb5 Rc7 37. Kf2 Kxe5 38. Ke1 d3 39. exd3 Kd4 40. Ke2 Re7+ 41. Kd2 Rf7 0-1

[Event "Wasselonne op 7th"]
[Site "Wasselonne"]
[Date "2013.08.04"]
[Round "7"]
[White "Ottolini, Graziano"]
[Black "Bachmann, Andreas"]
[Result "1-0"]
[WhiteElo "2014"]
[BlackElo "1858"]
[PlyCount "59"]
[EventDate "2013.08.01"]
[EventType "swiss"]
[EventRounds "7"]
[EventCountry "FRA"]
[SourceTitle "CBM 155 Extra"]
[Source "ChessBase"]
[SourceDate "2013.08.26"]
[SourceVersion "1"]
[SourceVersionDate "2013.08.26"]
[SourceQuality "1"]

1. e4 e6 2. d4 d5 3. Nc3 Bb4 4. e5 c5 5. a3 Bxc3+ 6. bxc3 Qc7 7. Nf3 Ne7 8. Bd3 Nbc6 9. 0-0 h6 10. a4 Bd7 11. Re1 c4 12. Bf1 0-0 13. h4 f5 14. exf6 Rxf6 15. g4 Raf8 16. Bg2 Ng6 17. g5 hxg5 18. hxg5 Rf5 19. Be3 Nf4 20. Rb1 b6 21. Bc1 g6 22. Re3 Kg7 23. Bh1 Nh3+ 24. Kf1 Nxf2 25. Kxf2 Rxg5 26. Re5 Rg4 27. Qd2 Nxe5 28. dxe5 Qxe5 29. Qh6+ Kg8 30. Qxf8+ 1-0

[Event "BL2-Nord 1213"]
[Site "Germany"]
[Date "2013.01.13"]
[Round "5.8"]
[White "Bachmann, Andreas"]
[Black "Bart, Simon"]
[Result "0-1"]
[WhiteElo "2231"]
[BlackElo "2019"]
[PlyCount "52"]
[EventDate "2012.10.14"]
[EventType "team-tourn"]
[EventRounds "9"]
[EventCountry "GER"]
[SourceTitle "CBM 154 Extra"]
[Source "ChessBase"]
[SourceDate "2013.06.25"]
[SourceVersion "2"]
[SourceVersionDate "2013.06.25"]
[SourceQuality "1"]
[WhiteTeam "Berlin Kreuzberg"]
[BlackTeam "Werder Bremen II"]
[WhiteTeamCountry "GER"]
[BlackTeamCountry "GER"]

1. d4 Nf6 2. c4 g6 3. Nc3 d5 4. e3 Bg7 5. Qb3 dxc4 6. Bxc4 0-0 7. Nf3 c5 8. d5 Nbd7 9. 0-0 a6 10. a4 b6 11. e4 Qc7 12. Bg5 Ne5 13. Nxe5 Qxe5 14. Bh4 Nxe4 15. Nxe4 Qxe4 16. Bg3 Bf5 17. Rac1 h5 18. h3 Qd4 19. Qxb6 h4 20. Bh2 Qxb2 21. Qxc5 Bd4 22. Qxe7 Bxf2+ 23. Kh1 Rae8 24. Qg5 Be4 25. Bd6 Bg3 26. Rg1 Bxd6 0-1

[Event "Baden-ch op U1800"]
[Site "Haslach im Kinzigtal"]
[Date "2010.06.02"]
[Round "3"]
[White "Roeger, Elias"]
[Black "Bachmann, Andreas"]
[Result "1/2-1/2"]
[WhiteElo "1772"]
[BlackElo "1791"]
[PlyCount "22"]
[EventDate "2010.05.31"]
[EventType "swiss"]
[EventRounds "7"]
[EventCountry "GER"]
[SourceTitle "EXT 2011"]
[Source "ChessBase"]
[SourceDate "2010.11.26"]
[SourceVersion "1"]
[SourceVersionDate "2010.11.26"]
[SourceQuality "1"]

1. d4 Nf6 2. c4 d6 3. Nc3 g6 4. e4 Bg7 5. Nf3 0-0 6. Be2 Nbd7 7. 0-0 c5 8. d5 a6 9. Bf4 Nh5 10. Bd2 Nhf6 11. Bf4 Nh5 1/2-1/2

[Event "Wasselonne op"]
[Site "Wasselonne"]
[Date "2009.08.08"]
[Round "5"]
[White "Bachmann, Andreas"]
[Black "Manser, Lucas"]
[Result "1-0"]
[WhiteElo "2220"]
[BlackElo "1635"]
[PlyCount "33"]
[EventDate "2009.08.06"]
[EventType "swiss"]
[EventRounds "7"]
[EventCountry "FRA"]
[SourceTitle "EXT 2011"]
[Source "ChessBase"]
[SourceDate "2010.11.26"]
[SourceVersion "1"]
[SourceVersionDate "2010.11.26"]
[SourceQuality "1"]

1. e4 c6 2. d4 d5 3. Nc3 dxe4 4. Nxe4 Nd7 5. Bc4 Ngf6 6. Ng5 e6 7. c3 h6 8. N5f3 Nb6 9. Bb3 Be7 10. Ne5 0-0 11. Ngf3 c5 12. Be3 Qc7 13. Qd2 Nbd5 14. Bxh6 cxd4 15. Bxg7 dxc3 16. Qh6 cxb2 17. Qh8# 1-0

[Event "Wasselonne op"]
[Site "Wasselonne"]
[Date "2009.08.06"]
[Round "1"]
[White "Carrillo, Jesus"]
[Black "Bachmann, Andreas"]
[Result "1-0"]
[WhiteElo "2135"]
[BlackElo "2220"]
[PlyCount "69"]
[EventDate "2009.08.06"]
[EventType "swiss"]
[EventRounds "7"]
[EventCountry "FRA"]
[SourceTitle "EXT 2011"]
[Source "ChessBase"]
[SourceDate "2010.11.26"]
[SourceVersion "1"]
[SourceVersionDate "2010.11.26"]
[SourceQuality "1"]

1. e4 c5 2. Nf3 d6 3. d4 cxd4 4. Nxd4 Nf6 5. Nc3 a6 6. Bc4 Qc7 7. Bb3 e6 8. f4 Be7 9. Qf3 Nc6 10. Be3 Bd7 11. f5 e5 12. Nde2 Na5 13. g4 Nxb3 14. axb3 Bc6 15. g5 Nd7 16. 0-0 f6 17. h4 fxg5 18. Qh5+ g6 19. fxg6 0-0-0 20. g7 Rhg8 21. Rf7 Bf6 22. Qxh7 gxh4 23. Rf1 Bxg7 24. Rxg7 Rh8 25. Qg6 Rdf8 26. Rff7 Qd8 27. Bg5 Qe8 28. Be7 Rfg8 29. Bxd6 h3 30. Kh2 Qd8 31. Ng3 Re8 32. Nf5 Qb6 33. Ne7+ Rxe7 34. Bxe7 Qe3 35. Rg8+ 1-0

[Event "BL2-Nord 0809"]
[Site "Germany"]
[Date "2008.10.05"]
[Round "1.6"]
[White "Tomczak, Rainer"]
[Black "Bachmann, Andreas"]
[Result "1/2-1/2"]
[WhiteElo "2310"]
[BlackElo "2235"]
[PlyCount "43"]
[EventDate "2008.10.05"]
[EventType "tourn"]
[EventRounds "9"]
[EventCountry "GER"]
[SourceTitle "CBM 129 Extra"]
[Source "ChessBase"]
[SourceDate "2009.05.05"]
[SourceVersion "2"]
[SourceVersionDate "2009.05.20"]
[SourceQuality "1"]
[WhiteTeam "Koenig Tegel"]
[BlackTeam "Kreuzberg II"]
[WhiteTeamCountry "GER"]
[BlackTeamCountry "GER"]

1. e4 c6 2. Nf3 d5 3. exd5 cxd5 4. Ne5 Nf6 5. d4 g6 6. Bb5+ Bd7 7. Nxd7 Nbxd7 8. 0-0 Bg7 9. Re1 0-0 10. c3 Re8 11. Bf4 Rc8 12. Nd2 a6 13. Bf1 Nb8 14. Qb3 Qd7 15. Nf3 Nc6 16. Ne5 Nxe5 17. Bxe5 e6 18. Rad1 b5 19. f3 Red8 20. Ra1 Ne8 21. Bg3 Nd6 22. Bxd6 1/2-1/2

[Event "Oberliga Nord O 0506"]
[Site "Germany"]
[Date "2006.01.15"]
[Round "5.5"]
[White "Nogly, Christoph"]
[Black "Bachmann, Andreas"]
[Result "0-1"]
[WhiteElo "2274"]
[BlackElo "2225"]
[PlyCount "82"]
[EventDate "2005.10.23"]
[EventType "team-tourn"]
[EventRounds "9"]
[EventCountry "GER"]
[SourceTitle "EXT 2007"]
[Source "ChessBase"]
[SourceDate "2006.11.23"]
[SourceVersion "1"]
[SourceVersionDate "2006.11.23"]
[SourceQuality "1"]
[WhiteTeam "Berlin II"]
[BlackTeam "Kreuzberg III"]
[WhiteTeamCountry "GER"]
[BlackTeamCountry "GER"]

1. d4 Nf6 2. c4 g6 3. Nc3 d5 4. cxd5 Nxd5 5. e4 Nxc3 6. bxc3 Bg7 7. Bc4 c5 8. Ne2 Nc6 9. Be3 cxd4 10. cxd4 b5 11. Bd5 Bd7 12. Rc1 Rc8 13. Bxc6 Rxc6 14. Rxc6 Bxc6 15. d5 Bd7 16. Qd2 a5 17. 0-0 0-0 18. Rc1 b4 19. Rc5 Qa8 20. Rc7 Rd8 21. Bb6 Qa6 22. Qe3 Qb5 23. Ra7 Rc8 24. Rxa5 Qc4 25. h3 Bb5 26. Ng3 h5 27. Qb3 h4 28. Qxc4 Bxc4 29. Nf1 Bd3 30. Bc5 Bc3 31. Bxe7 b3 32. Ra3 b2 33. Rb3 b1Q 34. Rxb1 Bxb1 35. d6 Ba5 36. Ne3 Bxe4 37. Ng4 Bf5 38. Nf6+ Kg7 39. Nd5 Bd8 40. Kh2 Bxe7 41. dxe7 Re8 0-1

[Event "Oberliga Nord O 0506"]
[Site "Germany"]
[Date "2005.11.13"]
[Round "2.6"]
[White "Bielinski, Dariusz"]
[Black "Bachmann, Andreas"]
[Result "0-1"]
[WhiteElo "2231"]
[BlackElo "2225"]
[PlyCount "76"]
[EventDate "2005.10.23"]
[EventType "team-tourn"]
[EventRounds "9"]
[EventCountry "GER"]
[SourceTitle "EXT 2007"]
[Source "ChessBase"]
[SourceDate "2006.11.23"]
[SourceVersion "1"]
[SourceVersionDate "2006.11.23"]
[SourceQuality "1"]
[WhiteTeam "Lasker Steglitz"]
[BlackTeam "Kreuzberg III"]
[WhiteTeamCountry "GER"]
[BlackTeamCountry "GER"]

1. e4 g6 2. d4 d6 3. Nc3 Bg7 4. Bc4 Nf6 5. Qe2 Nc6 6. e5 Nd7 7. Nf3 Nb6 8. Bb3 0-0 9. h3 Na5 10. 0-0 Nxb3 11. axb3 dxe5 12. dxe5 c6 13. Rd1 Qc7 14. Rd4 Be6 15. Rh4 Rfd8 16. Bh6 Bh8 17. Bf4 Nd7 18. Ne4 Nf8 19. Neg5 Rd5 20. Qe3 c5 21. Ne4 b6 22. c4 Rd7 23. Bh6 Bxe5 24. Bxf8 Rxf8 25. Qh6 Rfd8 26. Qxh7+ Kf8 27. g3 Bxb2 28. Re1 Rd1 29. Neg5 Rxe1+ 30. Nxe1 Rd1 31. Nxe6+ fxe6 32. Rf4+ Ke8 33. Qxg6+ Kd7 34. Re4 Qc6 35. Qg4 Bd4 36. Rxe6 Qxe6 37. Qxd1 Qxh3 38. Qe2 Qxg3+ 0-1

[Event "Sao Paulo Itau Cup 7th"]
[Site "Sao Paulo"]
[Date "2003.10.05"]
[Round "9"]
[White "Bachmann, Andreas"]
[Black "Tsuboi, Edson Kenji"]
[Result "1/2-1/2"]
[WhiteElo "2243"]
[BlackElo "2365"]
[PlyCount "55"]
[EventDate "2003.10.??"]
[EventType "swiss"]
[EventRounds "9"]
[EventCountry "BRA"]
[SourceTitle "CBM 096 Extra"]
[Source "ChessBase"]
[SourceDate "2003.10.22"]
[SourceVersion "2"]
[SourceVersionDate "2003.10.20"]
[SourceQuality "1"]

1. e4 c5 2. Nc3 Nc6 3. g3 g6 4. Bg2 Bg7 5. Nge2 d6 6. 0-0 e6 7. d3 Nge7 8. Be3 Nd4 9. Qd2 0-0 10. Nd1 e5 11. c3 Nxe2+ 12. Qxe2 Be6 13. f4 exf4 14. Bxf4 Qd7 15. Qd2 d5 16. Nf2 Rad8 17. e5 f6 18. exf6 Bxf6 19. Rae1 Rde8 20. Be5 Bxe5 21. Rxe5 Nc6 22. Re2 Bf7 23. Rxe8 Rxe8 24. Qf4 Be6 25. Re1 Bf7 26. Rf1 Be6 27. Re1 Bf7 28. Kf1 1/2-1/2

[Event "Sao Paulo Itau Cup 7th"]
[Site "Sao Paulo"]
[Date "2003.10.03"]
[Round "7"]
[White "Bachmann, Andreas"]
[Black "Marques, Vinicius de Abreu"]
[Result "0-1"]
[WhiteElo "2243"]
[BlackElo "2380"]
[PlyCount "90"]
[EventDate "2003.10.??"]
[EventType "swiss"]
[EventRounds "9"]
[EventCountry "BRA"]
[SourceTitle "CBM 096 Extra"]
[Source "ChessBase"]
[SourceDate "2003.10.22"]
[SourceVersion "2"]
[SourceVersionDate "2003.10.20"]
[SourceQuality "1"]

1. e4 c5 2. Nc3 Nc6 3. g3 g6 4. Bg2 Bg7 5. Nge2 d6 6. d3 Nf6 7. 0-0 0-0 8. h3 Rb8 9. Be3 b5 10. Qd2 b4 11. Nd1 Re8 12. f4 Bb7 13. a3 a5 14. g4 Nd7 15. f5 Nd4 16. Nxd4 cxd4 17. Bh6 Bh8 18. axb4 axb4 19. b3 Ne5 20. Ra4 d5 21. Nf2 e6 22. Rxb4 Qc7 23. fxe6 fxe6 24. exd5 Nf3+ 25. Bxf3 Qg3+ 26. Bg2 Be5 27. Re1 Bxd5 28. Re4 Bxe4 29. dxe4 Ra8 30. Ra4 Rxa4 31. bxa4 Rb8 32. Kf1 Rb1+ 33. Nd1 Rb7 34. Nf2 Rf7 35. Bg5 d3 36. Be3 dxc2 37. a5 Rc7 38. Nd3 Bc3 39. Qe2 Bxa5 40. Nc1 Rf7+ 41. Kg1 Bc7 42. Bf2 Qh2+ 43. Kf1 Bb6 44. Bf3 Qxh3+ 45. Ke1 Ba5+ 0-1

[Event "Sao Paulo Itau Cup 7th"]
[Site "Sao Paulo"]
[Date "2003.10.02"]
[Round "6"]
[White "De Souza, Mauro Guimaraes"]
[Black "Bachmann, Andreas"]
[Result "1/2-1/2"]
[WhiteElo "2361"]
[BlackElo "2243"]
[PlyCount "76"]
[EventDate "2003.10.??"]
[EventType "swiss"]
[EventRounds "9"]
[EventCountry "BRA"]
[SourceTitle "CBM 096 Extra"]
[Source "ChessBase"]
[SourceDate "2003.10.22"]
[SourceVersion "2"]
[SourceVersionDate "2003.10.20"]
[SourceQuality "1"]

1. d4 d5 2. c4 dxc4 3. e3 Nf6 4. Bxc4 e6 5. Nf3 a6 6. 0-0 b5 7. Bb3 c5 8. a4 b4 9. Nbd2 Bb7 10. a5 Be7 11. Ba4+ Nbd7 12. Ne5 Qc7 13. Ndc4 0-0 14. Bxd7 Nxd7 15. Nxd7 Qxd7 16. Nb6 Qc6 17. d5 exd5 18. Nxa8 Rxa8 19. Qf3 Bf6 20. Rd1 Qb5 21. Qg3 Qe2 22. Rf1 Bc6 23. f3 Bb5 24. Re1 Qc2 25. Qf2 Qb3 26. e4 d4 27. Bf4 Be7 28. e5 Rd8 29. Rad1 d3 30. Be3 c4 31. Bb6 Rc8 32. Rb1 Ba4 33. Qd4 Qc2 34. e6 f5 35. Rec1 Qe2 36. Re1 Qc2 37. Rec1 Qe2 38. Re1 Qc2 1/2-1/2

[Event "Sao Paulo Itau Cup 7th"]
[Site "Sao Paulo"]
[Date "2003.10.01"]
[Round "5"]
[White "Bachmann, Andreas"]
[Black "Limp, Eduardo Thelio"]
[Result "1-0"]
[WhiteElo "2243"]
[BlackElo "2390"]
[PlyCount "59"]
[EventDate "2003.10.??"]
[EventType "swiss"]
[EventRounds "9"]
[EventCountry "BRA"]
[SourceTitle "CBM 096 Extra"]
[Source "ChessBase"]
[SourceDate "2003.10.22"]
[SourceVersion "2"]
[SourceVersionDate "2003.10.20"]
[SourceQuality "1"]

1. e4 c5 2. Nf3 b6 3. d4 cxd4 4. Nxd4 Bb7 5. Bd3 Nc6 6. Nxc6 Bxc6 7. 0-0 e6 8. Qe2 Qh4 9. Nc3 Nf6 10. e5 Nd5 11. Nxd5 Bxd5 12. f4 Bc5+ 13. Be3 0-0 14. Bxc5 bxc5 15. Be4 Bxe4 16. Qxe4 Rab8 17. b3 Rb4 18. c4 a5 19. Rad1 a4 20. Rf3 g6 21. Rxd7 axb3 22. axb3 Rfb8 23. Rdd3 Qe7 24. h3 R8b6 25. Qe3 Ra6 26. Rf2 Ra1+ 27. Kh2 h5 28. Rfd2 Rb1 29. Rd7 R1xb3 30. Qf2 1-0

[Event "Baden-ch HT2"]
[Site "Karlsruhe"]
[Date "2003.04.25"]
[Round "8.18"]
[White "Bachmann, Andreas"]
[Black "Pirk, Christian"]
[Result "1/2-1/2"]
[WhiteElo "2243"]
[BlackElo "1899"]
[PlyCount "32"]
[EventDate "2003.04.18"]
[EventType "swiss"]
[EventRounds "9"]
[EventCountry "GER"]
[SourceTitle "EXT 2004"]
[Source "ChessBase"]
[SourceDate "2003.11.25"]
[SourceVersion "1"]
[SourceVersionDate "2003.11.25"]
[SourceQuality "1"]

1. e4 c5 2. Nf3 Nc6 3. d4 cxd4 4. Nxd4 a6 5. Be3 d6 6. Bc4 e6 7. Nc3 Nf6 8. f3 Be7 9. Qd2 Bd7 10. 0-0 Rc8 11. Nxc6 Bxc6 12. Bb3 0-0 13. a4 Nd7 14. a5 Qc7 15. Rfc1 Kh8 16. Kh1 Rfd8 1/2-1/2

[Event "DESC-ch email"]
[Site "DESC email"]
[Date "2002.??.??"]
[Round "2.9"]
[White "Bachmann, Andreas"]
[Black "Gielow, Michael"]
[Result "1-0"]
[WhiteElo "2033"]
[BlackElo "1806"]
[PlyCount "79"]
[EventDate "2001.??.??"]
[EventType "team (corr)"]
[EventRounds "3"]
[EventCountry "GER"]
[SourceTitle "Corr 2004"]
[Source "ChessBase"]
[SourceDate "2003.04.28"]
[SourceVersion "3"]
[SourceVersionDate "2003.04.28"]
[SourceQuality "1"]

1. e4 c5 2. Nf3 Nc6 3. d4 cxd4 4. Nxd4 Nxd4 5. Qxd4 e6 6. Nc3 Ne7 7. Nb5 Nc6 8. Nd6+ Bxd6 9. Qxd6 e5 10. Be3 Qe7 11. 0-0-0 Qxd6 12. Rxd6 Ke7 13. Bc5 b6 14. Rxc6+ bxc5 15. Rxc5 f6 16. Bc4 Bb7 17. Bd5 Bxd5 18. Rxd5 a5 19. Rhd1 Rhd8 20. c4 a4 21. Kc2 Ra7 22. Kc3 Rb8 23. R1d2 h5 24. g3 g5 25. f4 exf4 26. gxf4 gxf4 27. Rxh5 f3 28. Rf5 Rh8 29. Rxf3 Rh4 30. Re3 Ra8 31. Kb4 Rh5 32. Red3 Ra7 33. Rd5 Rxd5 34. exd5 Kd6 35. c5+ Ke5 36. Kb5 Ra8 37. Kb6 Rb8+ 38. Kc7 Rb5 39. c6 dxc6 40. d6 1-0

[Event "Oberliga Nord O 0102"]
[Site "Germany"]
[Date "2001.11.25"]
[Round "3.5"]
[White "Bachmann, Andreas"]
[Black "Tenner, Frank"]
[Result "0-1"]
[WhiteElo "2300"]
[BlackElo "2160"]
[PlyCount "132"]
[EventDate "2001.10.07"]
[EventType "team-tourn"]
[EventRounds "9"]
[EventCountry "GER"]
[SourceTitle "EXT 2002"]
[Source "ChessBase"]
[SourceDate "2001.11.25"]
[SourceVersion "1"]
[SourceVersionDate "2001.11.25"]
[SourceQuality "1"]
[WhiteTeam "Kreuzberg II"]
[BlackTeam "Schwedt"]
[WhiteTeamCountry "GER"]
[BlackTeamCountry "GER"]

1. Nf3 d5 2. d4 Nf6 3. c4 e6 4. g3 c6 5. Bg2 Be7 6. 0-0 0-0 7. Qc2 h6 8. Nbd2 b6 9. e4 dxe4 10. Nxe4 Bb7 11. Bf4 Nxe4 12. Qxe4 Nd7 13. Rad1 Rc8 14. a3 Ba8 15. Qc2 a5 16. Rfe1 b5 17. c5 Nf6 18. h4 Re8 19. Ne5 Nd5 20. Bc1 Rc7 21. Qe2 Bf6 22. Ng4 Rd7 23. Be4 Nc7 24. Ne5 Rxd4 25. Rxd4 Qxd4 26. Bxc6 Bxc6 27. Nxc6 Qxc5 28. Nxa5 Nd5 29. b4 Qb6 30. Bb2 Rc8 31. Nb3 Rc4 32. Nc5 Qc6 33. Rc1 Rxc1+ 34. Bxc1 Bd4 35. Qc2 Nf6 36. Bb2 Qd5 37. Bxd4 Qxd4 38. Qd3 Qa1+ 39. Kg2 Qa2 40. Nb7 Ng4 41. Qd8+ Kh7 42. Qd4 f5 43. Nd6 Nxf2 44. Qxf2 Qd5+ 45. Kh2 Qxd6 46. Qc2 Qd7 47. Qc3 Qd5 48. Qc8 Qd2+ 49. Kg1 Qe1+ 50. Kg2 Qe2+ 51. Kg1 Qe3+ 52. Kg2 Qe4+ 53. Kf2 Qd4+ 54. Ke2 Qg4+ 55. Kf2 e5 56. Qc5 e4 57. Qe3 Qd1 58. Qc3 Qd7 59. Qe3 Kg8 60. Qf4 Kf7 61. g4 Kf6 62. h5 Qd4+ 63. Kg2 Qb2+ 64. Kh3 Qe5 65. Qd2 fxg4+ 66. Kxg4 Qg5+ 0-1